Untapped market potential and comparative advantage of a by-product: The case of rubber wood processing industry in India (Record no. 49727)

MARC details
000 -LEADER
fixed length control field 00440nam a2200145Ia 4500
100 ## - MAIN ENTRY--AUTHOR NAME
Personal name George K.T.
245 #0 - TITLE STATEMENT
Title Untapped market potential and comparative advantage of a by-product: The case of rubber wood processing industry in India
260 ## - PUBLICATION, DISTRIBUTION, ETC. (IMPRINT)
Name of publisher Wood News
Year of publication 1993
300 ## - PHYSICAL DESCRIPTION
Number of Pages 12-Jun
650 ## - SUBJECT ADDED ENTRY--TOPICAL TERM
Topical Term Marketing
650 ## - SUBJECT ADDED ENTRY--TOPICAL TERM
Topical Term Rubber wood industry
700 ## - ADDED ENTRY--PERSONAL NAME
Personal name Joseph T.[a]
942 ## - ADDED ENTRY ELEMENTS (KOHA)
Koha item type Bibliography STAF
Holdings
Withdrawn status Lost status Damaged status Not for loan Home library Current library Shelving location Date acquired Serial Enumeration / chronology Koha item type
      Bibliography RRII Library RRII Library Economics 09/04/2014 Volume 3, Issue 3 Bibliography STAF